[Event "Cacoal op"]
[Site "Cacoal"]
[Date "2025.03.01"]
[Round "2"]
[White "De Matos, Pedro Pansini"]
[Black "Alencar, Ian Lucas Cury"]
[Result "1-0"]
[WhiteElo "1714"]
[BlackElo "1800"]
[PlyCount "72"]
[EventDate "2025.02.28"]
[EventType "swiss"]
[EventRounds "6"]
[EventCountry "BRA"]
[SourceTitle "CB12_2025"]
[SourceDate "2025.03.19"]
[SourceVersion "1"]
[SourceVersionDate "2025.03.19"]
[SourceQuality "1"]

1. d4 d5 2. Nc3 e6 3. Bd2 Bd6 4. e3 Bd7 5. Qe2 Nf6 6. 0-0-0 Nc6 7. f4 Na5 8. Nf3 Nc4 9. Ne5 c6 10. Nxc4 dxc4 11. Qxc4 b5 12. Qe2 Rb8 13. e4 a6 14. e5 Be7 15. exf6 gxf6 16. g4 a5 17. Qf2 b4 18. Na4 Qc8 19. Bc4 c5 20. Nxc5 Bc6 21. Na6 Rb7 22. Rhe1 a4 23. Nxb4 Rxb4 24. Bxb4 Bxb4 25. c3 Ba5 26. f5 0-0 27. fxe6 Qb7 28. Rd2 Rb8 29. Re3 a3 30. Ba6 Qb6 31. exf7+ Kxf7 32. Bd3 axb2+ 33. Kd1 Ba4+ 34. Ke2 b1Q 35. Bxb1 Qxb1 36. Qf5 Qa1 1-0